| 000 | 00332nam a2200121Ia 4500 | ||
|---|---|---|---|
| 008 | 230907s9999||||xx |||||||||||||| ||und|| | ||
| 082 | _a660.283,LIE | ||
| 100 |
_aLieberman, Norman P. _9115165 |
||
| 245 | 0 | _aProcess engineering for a small planet : | |
| 260 |
_aWiley, _bHoboken, NJ : _c2010 |
||
| 300 | _axx, 271 p. : | ||
| 942 | _cBK | ||
| 999 |
_c597741 _d597741 |
||